| 000 | 00840nam a2200265Ia 4500 | ||
|---|---|---|---|
| 003 | OSt | ||
| 005 | 20220918171019.0 | ||
| 006 | a|||||r|||| 00| 0 | ||
| 007 | ta | ||
| 008 | 220917b |||||||| |||| 00| 0 eng d | ||
| 020 |
_a9781137395733 (hbk) _c6575.10 |
||
| 024 | _a284,660 | ||
| 037 |
_b1370, 27/03/2015, The Book Seller _cTextual |
||
| 040 |
_aARTS _cARTS _beng |
||
| 041 |
_2eng _aeng |
||
| 082 | _aY15:g, Q4 | ||
| 100 |
_aPande Rekha Ed. _933115 |
||
| 245 | 0 |
_aJouney into women's studies _b Crossing interdisciplinary boundaries |
|
| 260 |
_aNew York _bPalgrave macmillan U.S.A _c2014 |
||
| 300 |
_axix, 343p. _ccm. |
||
| 490 | _aGender, development and social change | ||
| 650 | _aSOCIOLOGY | ||
| 942 |
_hY15:g, Q4 _cTEXL _2CC |
||
| 999 |
_c137267 _d137267 |
||